| 000 | 00367nam a2200157Ia 4500 | ||
|---|---|---|---|
| 008 | 221030s9999 xx 000 0 und d | ||
| 020 | _a0195667581 | ||
| 041 | _aEnglish | ||
| 082 |
_a105.23 _bApt |
||
| 100 | _aG. Apte | ||
| 245 | 0 | _aServices Marketing | |
| 260 |
_bOxford University Press _aNew Delhi _c2004 |
||
| 300 | _a440 | ||
| 650 | _aManagement | ||
| 942 | _cBK | ||
| 999 |
_c1765 _d1765 |
||